[Event "Balatonbereny op"]
[Site "Balatonbereny"]
[Date "1996.??.??"]
[Round "6"]
[White "Vujosevic, Vladimir"]
[Black "Dobos, Jozsef"]
[Result "1/2-1/2"]
[WhiteElo "2400"]
[BlackElo "2340"]

1.e4 g6 2.d4 Bg7 3.Nc3 d6 4.Be3 a6 5.Qd2 Nd7 6.f3 b5 7.g4 Bb7 8.Nge2 c5 9.Ng3 e6
10.h4 h6 11.Bg2 Qc7 12.O-O-O Ne7 13.g5 h5 14.dxc5 dxc5 15.f4 O-O-O 16.e5 Nxe5
17.Bxb7+ Qxb7 18.Qe2 Nc4 19.Nge4 Nxe3 20.Qxe3 Bd4 21.Qf3 Bxc3 22.bxc3 Nf5
23.Rhe1 Qc7 24.Ng3 Qb7 25.Qxb7+ Kxb7 26.Nxf5 gxf5 27.Rxd8 Rxd8 28.g6 fxg6
29.Rxe6 Rg8 30.Kb2 a5 31.c4 b4 32.Kb3 Rd8 33.Rxg6 Rd4 34.Rg5 Rxf4 35.Rxh5 Kc6
36.Rh6+ Kd7 37.h5 Rh4 38.Rh8 Ke7 39.h6 Kf7 40.h7 Kg6 41.Rc8 Rxh7 42.Ka4 f4
43.Rxc5 f3 44.Rd5 Re7 45.Rd1 Re5 46.Rf1 Rf5 47.c5 Rxc5  1/2-1/2

[Event "Balatonbereny op"]
[Site "Balatonbereny"]
[Date "1996.??.??"]
[Round "7"]
[White "Anka, Emil"]
[Black "Frink, Ferenc"]
[Result "1/2-1/2"]
[WhiteElo "2405"]
[BlackElo "2225"]

1.e4 g6 2.d4 Bg7 3.Nc3 d6 4.Be3 a6 5.Qd2 Nf6 6.f3 b5 7.Bh6 O-O 8.h4 c5 9.Bxg7 Kxg7
10.Nge2 e5 11.d5 b4 12.Nd1 a5 13.Ne3 Ba6 14.Ng3 Nbd7 15.Bxa6 Rxa6 16.h5 Nb6
17.Rh3 Ra7 18.Ke2 Qc8 19.Rah1 Rh8 20.Ngf5+ Kf8 21.hxg6 fxg6 22.Nxd6 Qa6+
23.Qd3 Nbxd5 24.Nxd5 Nxd5 25.exd5 Qxd6 26.Rd1 Kg7 27.Kf1 Rf8 28.Rh4 Rf4 29.Rxf4 exf4
30.c4 Re7 31.b3 Re3 32.Qd2 h5 33.Re1 Rxe1+ 34.Qxe1  1/2-1/2

[Event "Barbera op"]
[Site "Barbera"]
[Date "1996.??.??"]
[Round "2"]
[White "Lorenzini, Martin"]
[Black "Mowsziszian, Karen"]
[Result "0-1"]
[WhiteElo "2295"]
[BlackElo "2470"]

1.e4 g6 2.d4 Bg7 3.Nc3 d6 4.Nf3 Nf6 5.h3 O-O 6.Be3 a6 7.a4 b6 8.Bd3 Bb7 9.O-O Nbd7
10.Qe2 e5 11.dxe5 dxe5 12.Nd2 Nh5 13.Bc4 c6 14.Rfd1 Qe7 15.Ba2 b5 16.Nb3 Rad8
17.axb5 axb5 18.Rd2 Ra8 19.Qd1 Rfd8 20.Nc5 Nxc5 21.Bxc5 Qc7 22.Bb3 Rxa1 23.Rxd8+ Qxd8
24.Qxa1 Bf8 25.Bxf8 Kxf8 26.Qa7 Qe7 27.Qe3 Kg7 28.Ne2 Nf6 29.c3 c5 30.Bc2 Qd6
31.Kf1 Bxe4 32.Bxe4 Qd1+  0-1

[Event "Barbera op"]
[Site "Barbera"]
[Date "1996.??.??"]
[Round "8"]
[White "Mowsziszian, Karen"]
[Black "Vehi Bach, Victor Manuel"]
[Result "0-1"]
[WhiteElo "2470"]
[BlackElo "2365"]

1.e4 g6 2.d4 Bg7 3.Nc3 d6 4.Be3 c6 5.Qd2 b5 6.Bd3 Nd7 7.Nf3 Nb6 8.b3 Bg4
9.Ne2 Nf6 10.Ng3 h5 11.h4 a5 12.O-O Bxf3 13.gxf3 O-O 14.Kg2 e5 15.Rad1 Nfd7
16.dxe5 dxe5 17.Bg5 Qc7 18.Be2 a4 19.Rg1 Kh7 20.Kh2 Rfe8 21.Qc3 Rac8 22.Bf1 Nf8
23.Bh3 Ne6 24.Bxe6 Rxe6 25.Qa5 Ra8 26.Qd2 c5 27.f4 exf4 28.Bxf4 Be5 29.Bxe5 Qxe5
30.f4 Qf6 31.Kh3 Rc6 32.f5 axb3 33.axb3 c4 34.Rdf1 Qe7 35.Qf4 cxb3 36.cxb3 Rg8
37.e5 Rc3 38.Rc1 Rxb3 39.e6 Nc4 40.Rce1 fxe6 41.Rxe6 Qd7 42.Rge1 Rg7 43.fxg6+ Rxg6  0-1

[Event "Barcelona op"]
[Site "Barcelona"]
[Date "1996.??.??"]
[Round "?"]
[White "Gil Gonzales, Jose Manuel"]
[Black "Ubach, Marcelo"]
[Result "0-1"]
[WhiteElo "2395"]
[BlackElo "2305"]

1.d4 g6 2.e4 Bg7 3.Nc3 d6 4.Be2 Nf6 5.Be3 Nbd7 6.g4 h5 7.g5 Ng4 8.Bxg4 hxg4
9.Qxg4 c5 10.O-O-O Qa5 11.h4 Nb6 12.Qe2 cxd4 13.Bxd4 Bxd4 14.Rxd4 Rxh4 15.Rxh4 Qxg5+
16.Qe3 Qxh4 17.e5 Qh1 18.exd6 Be6 19.Rd1 exd6 20.Nf3 Qh5 21.Ng5 O-O-O 22.f4 Qg4
23.Nb5 Nd5 24.Nxa7+ Kb8 25.Rxd5 Bxd5 26.c4 Rh8 27.cxd5 Rh1+ 28.Kc2 Qd1+ 29.Kc3 Qxd5
30.a4 f6 31.Nb5 Qc6+  0-1

[Event "Bardejov"]
[Site "Bardejov"]
[Date "1996.??.??"]
[Round "?"]
[White "Ostrowski, Leszek"]
[Black "Petran, Peter"]
[Result "0-1"]
[WhiteElo "2355"]
[BlackElo "2325"]

1.d4 g6 2.e4 Bg7 3.Nc3 d6 4.Bc4 c6 5.Qf3 e6 6.Nge2 b5 7.Bd3 e5 8.dxe5 dxe5
9.a4 b4 10.Nd1 a5 11.Bc4 Nf6 12.Ne3 Nbd7 13.O-O O-O 14.c3 Nc5 15.Ng3 Rb8
16.Rd1 Qc7 17.Bd2 Rd8 18.cxb4 axb4 19.a5 Be6 20.a6 Nb3 21.Nd5 cxd5 22.Bxb3 dxe4
23.Nxe4 Nxe4 24.a7 Bxb3 25.Qxb3 Nxd2 26.axb8=Q Qxb8 27.Qe3 Qd6 28.h3 e4 29.Kh1 Bxb2
30.Ra2 Bc3 31.Qe2 b3 32.Ra6 Qd3  0-1

[Event "Regionalliga SW9596"]
[Site "Bayern"]
[Date "1996.??.??"]
[Round "?"]
[White "Schlemmer, Hans"]
[Black "Lang, Zalan Andreas"]
[Result "1/2-1/2"]
[WhiteElo "2325"]
[BlackElo "2110"]

1.e4 g6 2.d4 Bg7 3.Nc3 d6 4.Bc4 Nf6 5.Qe2 Nc6 6.e5 Nd7 7.Nf3 Nb6 8.Bb3 O-O
9.h3 Na5 10.O-O Nxb3 11.axb3 c6 12.Bg5 d5 13.Qd2 Be6 14.Ne2 Qc7 15.Bf4 Rfe8
16.Ng5 Qc8 17.Be3 f6 18.Nxe6 Qxe6 19.f4 f5 20.Nc1 Qc8 21.Nd3 Qc7 22.Qa5 e6
23.c4 Qf7 24.Rac1 Bf8 25.Rfd1 Rec8 26.Bd2 Rd8 27.Be3 Rdc8 28.Nc5 Nxc4 29.bxc4 b6
30.Qa4 bxc5 31.dxc5 Qb7 32.b4 Rab8 33.cxd5 exd5 34.Bd2 Ra8 35.Kh2 Re8 36.Ra1 a6
37.Qc2 Be7 38.Qd3 Qb5 39.Qd4 a5 40.bxa5 Bxc5 41.Qc3 d4 42.Qf3 Re6 43.Rab1 Qa6
44.Qb3 Kf7 45.Be1 Ba7 46.Qa2  1/2-1/2

[Event "Regionalliga SO9596"]
[Site "Bayern"]
[Date "1996.??.??"]
[Round "?"]
[White "Heiduczek, Josef"]
[Black "Thiering, Erwin"]
[Result "1-0"]
[WhiteElo "2050"]
[BlackElo "1930"]

1.e4 g6 2.d4 Bg7 3.Nc3 d6 4.Be2 e6 5.Be3 Ne7 6.Qd2 h6 7.O-O-O a6 8.f4 b5
9.Bf3 Bb7 10.h4 Nd7 11.d5 exd5 12.Nxd5 Bxd5 13.exd5 O-O 14.g4 f5 15.g5 hxg5
16.hxg5 Kf7 17.Ne2 Rg8 18.Rh7 Nf8 19.Rh2 Nc8 20.Nd4 Nb6 21.Nc6 Qd7 22.Bxb6 cxb6
23.Re1 Rh8 24.Rhe2 Kg8 25.Re7 Qc8 26.Rxg7+ Kxg7 27.Qd4+  1-0

[Event "Regionalliga SO9596"]
[Site "Bayern"]
[Date "1996.??.??"]
[Round "?"]
[White "Beckert, Stefan"]
[Black "Thiering, Erwin"]
[Result "1/2-1/2"]
[WhiteElo "1935"]
[BlackElo "1930"]

1.e4 g6 2.d4 Bg7 3.Nc3 d6 4.Be3 Nf6 5.f3 O-O 6.Qd2 Na6 7.O-O-O c6 8.h4 h5
9.g3 b5 10.Nh3 Bxh3 11.Bxh3  1/2-1/2

[Event "Oberliga Bayern9697"]
[Site "Bayern"]
[Date "1996.??.??"]
[Round "?"]
[White "Thuemmler, Manfred"]
[Black "Urankar, Hans Peter"]
[Result "0-1"]
[WhiteElo "2060"]
[BlackElo "2120"]

1.e4 g6 2.d4 d6 3.Nc3 Bg7 4.f4 Nf6 5.Nf3 O-O 6.Be3 b6 7.e5 Ng4 8.Bg1 Bb7
9.h3 Nh6 10.Qd2 Nf5 11.Bf2 dxe5 12.Nxe5 Nd7 13.Rg1 Nxe5 14.dxe5 Qxd2+ 15.Kxd2 Rfd8+
16.Bd3 c5 17.g4 Nd4 18.Bxd4 Rxd4 19.Ne2 Rd7 20.Ke3 g5 21.fxg5 Bxe5 22.c3 Rad8
23.Rgd1 Bg7 24.Bc2 h6 25.g6 Rd6 26.gxf7+ Kxf7 27.Rxd6 exd6 28.Rf1+ Kg8 29.Bg6 Bd5
30.a3 Rd7 31.Ng3 Re7+ 32.Kd2 Be5 33.Nh5 a5 34.Bd3 Bf7 35.Re1 c4  0-1

[Event "Regionalliga NW9596"]
[Site "Bayern"]
[Date "1996.??.??"]
[Round "?"]
[White "Jahrsdoerfer, Gerd"]
[Black "Pfriem, Hanns"]
[Result "1-0"]
[WhiteElo "2070"]
[BlackElo "2010"]

1.e4 g6 2.d4 Bg7 3.Nc3 d6 4.Bg5 h6 5.Bh4 Nc6 6.d5 Nd4 7.Bd3 c5 8.Qd2 g5 9.Bg3 e5
10.dxe6 Bxe6 11.Nb5 Nxb5 12.Bxb5+ Bd7 13.Bxd7+ Qxd7 14.c3 Nf6 15.f3 g4 16.Qxd6 Qxd6
17.Bxd6 O-O-O 18.O-O-O h5 19.Ne2 gxf3 20.gxf3 Rhg8 21.Bf4 Nd7 22.Rd5 c4 23.Rxh5 Bf8
24.Rg5 Rxg5 25.Bxg5 f6 26.Be3 Ne5 27.Nd4 Bc5 28.h4 Nxf3 29.Nxf3 Bxe3+ 30.Kc2 Rg8
31.h5 Rg2+ 32.Kb1 Rg4 33.h6 Bxh6 34.Rxh6 Rxe4 35.Rxf6 Re2 36.Nd4 a6 37.Nxe2  1-0

[Event "Oberliga Bayern9596"]
[Site "Bayern"]
[Date "1996.??.??"]
[Round "?"]
[White "Andersen, Jens Knud"]
[Black "Speckner, Roland"]
[Result "0-1"]
[WhiteElo "2230"]
[BlackElo "2310"]

1.e4 g6 2.d4 Bg7 3.Nc3 d6 4.Nf3 a6 5.Bf4 Nf6 6.h3 O-O 7.Qd2 b5 8.e5 Nfd7
9.Be2 Nc6 10.Qe3 Nb6 11.a3 b4 12.axb4 Nxb4 13.O-O-O N6d5 14.Nxd5 Nxd5 15.Qe4 c6
16.Bd2 Bf5 17.Qh4 Qb6 18.Bc4 Rfb8 19.b3 a5 20.Kb2 a4 21.Ra1 Nb4 22.Qxe7 Nxc2
23.Bxf7+ Kh8 24.Qxd6 a3+ 25.Ka2 Rd8 26.Rac1 Rxd6 27.exd6 Nb4+ 28.Bxb4 Qxb4
29.Rxc6 Bd7 30.Rc4 Qxd6 31.d5 Qf6  0-1

[Event "Beersheba"]
[Site "Beersheba"]
[Date "1996.??.??"]
[Round "1"]
[White "Tseitlin, Mark D"]
[Black "Kanstler, Boris"]
[Result "0-1"]
[WhiteElo "2545"]
[BlackElo "2475"]

1.e4 g6 2.d4 Bg7 3.Nc3 d6 4.Bg5 a6 5.Bc4 b5 6.Bb3 Bb7 7.Nf3 Nd7 8.O-O Ngf6
9.e5 dxe5 10.dxe5 Bxf3 11.exf6 Bxd1 12.fxg7 Rg8 13.Raxd1 c6 14.Rd3 Rxg7 15.Re1 h6
16.Bxh6 Rh7 17.Bg5 f6 18.Bf4 e5 19.Ne4 Qe7 20.Be3 f5 21.Ng5 f4 22.Bxf4 exf4
23.Rxe7+ Rxe7 24.g3 Ne5 25.Rc3 fxg3 26.hxg3 Rd8 27.Kg2 Rd2 28.Be6 Rd6 29.Bb3 Ng4
30.Rf3 Rf6 31.a4 Rxf3 32.Kxf3 Ne5+ 33.Kf4 Nc4 34.Bxc4 bxc4 35.Ne4 Kf8  0-1

[Event "Beersheba"]
[Site "Beersheba"]
[Date "1996.??.??"]
[Round "8"]
[White "Shmuter, Leonid"]
[Black "Kanstler, Boris"]
[Result "1-0"]
[WhiteElo "2490"]
[BlackElo "2475"]

1.e4 g6 2.d4 Bg7 3.Nc3 d6 4.f4 Nf6 5.Nf3 O-O 6.Be3 c5 7.dxc5 Qa5 8.Bd3 dxc5
9.Bd2 Nc6 10.e5 Ne8 11.Ng5 Nb4 12.Bc4 Qd8 13.a3 Nc6 14.Be3 Qa5 15.O-O Bf5
16.g4 Rd8 17.Qe2 Bc8 18.b4 Qc7 19.Nd5 Qd7 20.Rad1 cxb4 21.e6 fxe6 22.Nxe6 Nd6
23.Nb6 Qxe6 24.Bxe6+ Bxe6 25.Bc5 Bxg4 26.Qxg4 axb6 27.Bxb6 Rc8 28.Qe6+ Kh8
29.axb4 Nf5 30.b5 Ncd4 31.Qd7 Ne2+ 32.Kh1 Nc3 33.Rd3 Na4 34.Bd8 Rb8 35.Bxe7 Nb6
36.Bxf8 Nxd7 37.Bxg7+ Nxg7 38.Rxd7 b6 39.Rfd1 Ne6 40.R1d6 Nxf4 41.Rd8+  1-0

[Event "Berliner Sommer"]
[Site "Berlin"]
[Date "1996.??.??"]
[Round "1"]
[White "Lochte, Szilvia"]
[Black "Sturua, Zurab"]
[Result "0-1"]
[WhiteElo "2050"]
[BlackElo "2560"]

1.e4 g6 2.d4 Bg7 3.Nc3 d6 4.Be2 Nf6 5.g4 h6 6.h4 Nc6 7.f4 h5 8.gxh5 Nxh5
9.Bxh5 Rxh5 10.Be3 e5 11.fxe5 dxe5 12.d5 Nd4 13.Qd2 Rxh4 14.Bg5 Rxh1 15.Bxd8  0-1

[Event "Berliner Sommer"]
[Site "Berlin"]
[Date "1996.??.??"]
[Round "3"]
[White "Ebert, Wolfgang"]
[Black "Sturua, Zurab"]
[Result "0-1"]
[WhiteElo "2255"]
[BlackElo "2560"]

1.e4 g6 2.d4 Bg7 3.Nc3 d6 4.f4 a6 5.Nf3 b5 6.a3 Bb7 7.Bd3 Nd7 8.O-O c5 9.dxc5 Nxc5
10.Bd2 Nf6 11.Qe2 O-O 12.Kh1 Rc8 13.Rad1 e6 14.e5 dxe5 15.Nxe5 Qe7 16.Be1 Nh5
17.Qe3 Rfd8 18.Be2 Rxd1 19.Bxd1 Nf6 20.Bf3 Qc7 21.Bf2 Ncd7 22.Bxb7 Qxb7 23.Qe2 Nxe5
24.fxe5 Nd7 25.Bg3 Qc7 26.Re1 Nb6 27.Qf2 Nc4 28.Ne4 Nxb2 29.Nf6+ Kh8 30.Qd4 Qxc2
31.Qh4 h6 32.Bf4 Rc4 33.Rf1 Nd3 34.Ne4 Rxe4 35.Qd8+ Kh7  0-1

[Event "Berliner Sommer"]
[Site "Berlin"]
[Date "1996.??.??"]
[Round "3"]
[White "Tischendorf, Michael"]
[Black "Gurieli, Nino"]
[Result "1/2-1/2"]
[WhiteElo "2200"]
[BlackElo "2370"]

1.e4 g6 2.d4 Bg7 3.Nc3 d6 4.Bc4 Nc6 5.Be3 Nf6 6.f3 a6 7.a4 O-O 8.Nge2 e5
9.Qd2 Bd7 10.O-O exd4 11.Nxd4 Re8 12.Rad1 Ne5 13.Be2 Qe7 14.Bg5 Qf8 15.f4 Nc6
16.e5 Nxd4 17.exf6 Nxe2+ 18.Nxe2 Bh6 19.Nc3 Bc6 20.f5 Bxg5 21.Qxg5 Re5 22.Rd4 Rae8
23.Rh4 d5 24.b4 a5 25.Qg4 axb4 26.fxg6 hxg6 27.Qh3 Rh5 28.Rxh5 gxh5 29.Qxh5 bxc3
30.Qg5+ Kh8 31.Qf5 Kg8 32.Qg5+  1/2-1/2

[Event "Berliner Sommer"]
[Site "Berlin"]
[Date "1996.??.??"]
[Round "4"]
[White "Fietz, Harald"]
[Black "Gipslis, Aivars"]
[Result "0-1"]
[WhiteElo "2225"]
[BlackElo "2470"]

1.e4 g6 2.d4 Bg7 3.Nc3 d6 4.Be3 c6 5.a4 Nd7 6.Be2 Ngf6 7.Qd2 e5 8.f3 O-O
9.g4 d5 10.dxe5 Nxe5 11.g5 Nh5 12.exd5 cxd5 13.O-O-O Be6 14.Nxd5 Rc8 15.Nc3 Qa5
16.Bd4 Rfd8 17.Qe3 Rxd4 18.Rxd4 Nc4 19.Rxc4 Bxc4 20.Bxc4 Rxc4 21.Nge2 Be5
22.Rd1 Nf4 23.Rd7 Rxa4 24.Rd8+ Qxd8 25.Nxa4 Nxe2+ 26.Qxe2 Qxg5+ 27.Kb1 Qg1+
28.Ka2 Qxh2 29.Qe4 Qf4  0-1

[Event "Berliner Sommer"]
[Site "Berlin"]
[Date "1996.??.??"]
[Round "8"]
[White "Muse, Mladen"]
[Black "Segal, Anna"]
[Result "1-0"]
[WhiteElo "2445"]
[BlackElo "2295"]

1.d4 g6 2.e4 Bg7 3.Nc3 d6 4.Be3 c6 5.Qd2 b5 6.a4 b4 7.Nd1 a5 8.c3 bxc3 9.bxc3 Nf6
10.f3 O-O 11.Bd3 Ba6 12.Nf2 Nbd7 13.Ne2 Bxd3 14.Nxd3 Qc8 15.O-O Qa6 16.Ng3 Rab8
17.Nf2 Rb3 18.Bh6 Bxh6 19.Qxh6 Rxc3 20.f4 Qa7 21.e5 Qxd4 22.exf6 Nxf6 23.Ne2  1-0

[Event "Berliner Sommer"]
[Site "Berlin"]
[Date "1996.??.??"]
[Round "9"]
[White "Wege, Jochen"]
[Black "Gurieli, Nino"]
[Result "0-1"]
[WhiteElo "2240"]
[BlackElo "2370"]

1.e4 g6 2.d4 Bg7 3.Nc3 d6 4.f4 Nf6 5.Nf3 O-O 6.Bd3 Na6 7.O-O c5 8.dxc5 Nxc5
9.Qe1 b5 10.a3 Bb7 11.f5 a5 12.fxg6 fxg6 13.Qh4 Nxd3 14.cxd3 Qd7 15.Bh6 b4
16.Ng5 Bxh6 17.Qxh6 bxc3 18.bxc3 e5 19.h3 Nh5 20.Rab1 Rxf1+ 21.Rxf1 Qg7 22.Qxh7+ Qxh7
23.Nxh7 Bxe4 24.dxe4 Kxh7 25.Rd1 Ra6 26.Kf2 Kg7 27.Ke3 Rc6 28.Kd2 Nf6 29.Kd3 d5
30.exd5 Nxd5 31.Rc1 Nf4+ 32.Ke4 Kf6 33.Rc2 Rc4+ 34.Ke3 Kf5 35.h4 Nd5+ 36.Kd3 Rxh4
37.c4 Rd4+ 38.Ke2 Nf4+ 39.Kf3 e4+ 40.Kg3 Rd3+ 41.Kh4 g5+  0-1

[Event "Bern op"]
[Site "Bern"]
[Date "1996.??.??"]
[Round "6"]
[White "Oberon, Oscar"]
[Black "Muehlbach, Peter"]
[Result "1-0"]
[WhiteElo "1840"]
[BlackElo "2110"]

1.e4 g6 2.d4 Bg7 3.Nc3 d6 4.Bc4 c6 5.Bb3 Qc7 6.Be3 Nf6 7.f3 Nbd7 8.Qd2 h5
9.Nce2 c5 10.c4 a6 11.Rc1 O-O 12.Nh3 cxd4 13.Nxd4 Nc5 14.Nf2 Kh7 15.Bd1 Ne6
16.h4 Bd7 17.g4 Rh8 18.f4 Nxd4 19.Bxd4 hxg4 20.Bxf6 Bxf6 21.Nxg4 Bxg4 22.Bxg4 Kg7
23.h5 Qc5 24.Ke2 gxh5 25.b4 Qc6 26.Bf3 Qc7 27.Bxh5 Rag8 28.f5 Kf8 29.Qd5 Rg7
30.c5 Qb8 31.c6 bxc6 32.Qxc6 Rg3 33.a3 Qa7 34.Bf3 Rxh1 35.Qc8+ Kg7 36.Rxh1 Bg5  1-0

[Event "Biel op MTO"]
[Site "Biel"]
[Date "1996.??.??"]
[Round "1"]
[White "Wapner, Jonathan"]
[Black "Sturua, Zurab"]
[Result "0-1"]
[WhiteElo "2295"]
[BlackElo "2560"]

1.e4 g6 2.d4 Bg7 3.Nc3 d6 4.Bg5 c6 5.Qd2 Nd7 6.f4 b5 7.Nf3 Nb6 8.Bd3 Bg4
9.O-O Bxf3 10.Rxf3 Bxd4+ 11.Kh1 Bg7 12.e5 d5 13.f5 Bxe5 14.Re1 Qd6 15.Rxe5 Qxe5
16.Re3 Qd6 17.Bf4 Qd7 18.Be5 f6 19.fxg6 hxg6 20.Bxg6+ Kd8 21.Bg3 Nc4 22.Qd3 Nxe3  0-1

[Event "Biel op MTO"]
[Site "Biel"]
[Date "1996.??.??"]
[Round "9"]
[White "Raetsky, Alexander"]
[Black "Siebrecht, Sebastian"]
[Result "0-1"]
[WhiteElo "2455"]
[BlackElo "2390"]

1.d4 g6 2.e4 Bg7 3.Nc3 d6 4.g3 Nf6 5.Bg2 O-O 6.Nge2 Nbd7 7.O-O e5 8.h3 c6
9.a4 Re8 10.Be3 Qa5 11.Rb1 exd4 12.b4 Qh5 13.Nxd4 Ne5 14.Qxh5 Nxh5 15.Rfd1 Nc4
16.Bc1 a6 17.Bf1 Ne5 18.Nde2 f5 19.Kg2 Nf6 20.Rxd6 Nxe4 21.Nxe4 fxe4 22.Nf4 Bf8
23.Rd1 b5 24.a5 c5 25.bxc5 Bxc5 26.Nd5 Bb7 27.Be3 Bxd5 28.Bxc5 Bc4 29.Rd4 Rac8
30.Bxc4+ Nxc4 31.Bb4 e3 32.Re1 Rc6 33.Rd7 Rf6 34.fxe3 Nxe3+ 35.Kg1 Rf3 36.Bc3 Rxg3+
37.Kh2 Rf3  0-1

[Event "SLO-chT"]
[Site "Bled"]
[Date "1996.??.??"]
[Round "4"]
[White "Skoberne, D."]
[Black "Kosec, Tina"]
[Result "0-1"]
[WhiteElo "1820"]
[BlackElo "2085"]

1.d4 d6 2.Nc3 g6 3.e4 Bg7 4.Nf3 Nd7 5.Bc4 e6 6.O-O Nb6 7.Bb3 Ne7 8.Be3 O-O
9.Qd2 a5 10.a4 d5 11.Bh6 Bd7 12.Bxg7 Kxg7 13.Qf4 f6 14.h4 Rc8 15.Rfe1 Rf7
16.Nh2 c6 17.Ng4 Ng8 18.Re3 Nc4 19.Rf3 Be8 20.Bxc4 dxc4 21.e5 f5 22.Ne3 b5
23.h5 g5 24.Qh2 h6 25.d5 cxd5 26.Nxb5 Bxb5 27.axb5 Rb8 28.Nd1 Rxb5 29.Rfa3 Ra7
30.Qg3 Ne7 31.Qe3 Nc6 32.R1a2 Qb8 33.f4 g4 34.Kh2 Nb4 35.Nc3 Rbb7 36.Qc5 Nxa2
37.Rxa2 Re7 38.Rxa5 Rac7 39.Qa3 Ra7 40.Rxa7 Qxa7 41.Qd6 Qd7 42.Qb4 Qe8 43.Qb6 Qxh5+
44.Kg3 Qf7 45.Nb5 Qe8 46.Nd6 Qd7 47.Qa6 Qa7 48.Nxf5+ exf5 49.Qf6+ Kg8 50.Qxf5 Rf7
51.Qg6+ Rg7 52.Qxh6 Qe3+  0-1

[Event "Bled op-B"]
[Site "Bled"]
[Date "1996.??.??"]
[Round "7"]
[White "Zelenika, Srdjan"]
[Black "Ciglic, Boris"]
[Result "1/2-1/2"]
[WhiteElo "2300"]
[BlackElo "2195"]

1.e4 g6 2.d4 Bg7 3.Nc3 d6 4.f4 Nc6 5.Be3 Nf6 6.Nf3 O-O 7.Be2 e6 8.O-O a6
9.a3 b5 10.Nd2 Rb8 11.Nb3 Ne7 12.Bf3 Bb7 13.Qd3 Nd7 14.Bf2 Nb6 15.Na5 Ba8
16.Rab1 Qd7 17.Rfd1 f5 18.e5 Ned5 19.Ne2 Bh6 20.g3 Nc4 21.Nb3 g5 22.exd6 cxd6
23.Bxd5 Bxd5 24.Nc3  1/2-1/2

[Event "Bonn GSK-3"]
[Site "Bonn"]
[Date "1996.??.??"]
[Round "?"]
[White "Kengis, Edvins"]
[Black "Seul, Georg"]
[Result "1-0"]
[WhiteElo "2560"]
[BlackElo "2445"]

1.e4 d6 2.d4 g6 3.Nc3 Bg7 4.Be2 Nf6 5.Nf3 O-O 6.O-O c6 7.Bg5 h6 8.Bf4 Nbd7
9.Qd2 g5 10.Be3 Ng4 11.Rad1 e6 12.Ne1 Nxe3 13.Qxe3 Qb6 14.h4 c5 15.d5 Qxb2
16.Nb5 exd5 17.hxg5 hxg5 18.Rxd5 Ne5 19.Qxg5 Be6 20.Rxd6 Bxa2 21.f4 Nc4 22.Rd3 Qf6
23.Qxf6 Bxf6 24.e5 Nxe5 25.fxe5 Bxe5 26.Nf3 Bg7 27.Ra3 Be6 28.Nc7 Bb2 29.Re3  1-0

[Event "Slovan op"]
[Site "Bratislava"]
[Date "1996.??.??"]
[Round "2"]
[White "Vavrak, Peter"]
[Black "Petran, Peter"]
[Result "1-0"]
[WhiteElo "2110"]
[BlackElo "2325"]

1.e4 g6 2.d4 Bg7 3.Nc3 d6 4.f4 a6 5.a4 Nf6 6.Nf3 O-O 7.Bd3 Bg4 8.O-O Nc6
9.Be3 Nd7 10.e5 Nb4 11.Be4 e6 12.h3 Bxf3 13.Bxf3 d5 14.Ne2 f5 15.exf6 Nxf6
16.c3 Nc6 17.Nc1 Ne7 18.Nd3 b6 19.Re1 Qd6 20.c4 dxc4 21.Bxa8 Rxa8 22.Ne5 Nfd5
23.Qf3 Qb4 24.Rec1 Rf8 25.Nxc4 Nf5 26.Kh1 Nxd4 27.Bxd4 Bxd4 28.Qe4 Nxf4 29.Qxd4 Ne2
30.Qe3 Nxc1 31.Qxe6+ Kg7 32.Rxc1  1-0

[Event "Schneider mem op "]
[Site "Budapest"]
[Date "1996.??.??"]
[Round "?"]
[White "Semenova, Irina"]
[Black "Szirmai, Emil"]
[Result "1-0"]
[WhiteElo "2180"]
[BlackElo "2225"]

1.e4 g6 2.d4 Bg7 3.Nc3 d6 4.f4 Nc6 5.Be3 Nf6 6.Be2 O-O 7.d5 Nb8 8.Nf3 c6
9.O-O cxd5 10.exd5 Nbd7 11.Bd4 Nb6 12.Qd2 Bf5 13.Nh4 Bd7 14.a4 Qc7 15.b3 e6
16.dxe6 fxe6 17.Bf3 e5 18.Be3 e4 19.a5 Nc4 20.bxc4 exf3 21.Nxf3 Qxc4 22.Rad1 Rfe8
23.Bd4 Bc6 24.f5 gxf5 25.Qg5 Qf7 26.Nh4 Ne4 27.Nxe4 Bxe4 28.Nxf5 Bxf5 29.Rxf5 Qg6
30.Bxg7 Qxg7 31.Qxg7+ Kxg7 32.Rxd6 Re7 33.Rfd5 Rc8 34.Rd7 Rc7 35.Rxe7+ Rxe7
36.c4 Kf6 37.Kf2 Rc7 38.c5 Rc6 39.Rd7 Rxc5 40.Rxb7 Rxa5 41.Rxh7 Ra3 42.g4 Kg5
43.h3 a5 44.Rh5+ Kf4 45.Rf5+ Ke4 46.h4 Ra2+ 47.Ke1 a4 48.Ra5 Kf4 49.g5 Kg4
50.g6 Kxh4 51.Rg5 Ra1+ 52.Kd2 a3 53.g7 a2 54.g8=Q Rd1+ 55.Kxd1 a1=Q+ 56.Ke2 Qb2+
57.Kd3 Qb1+ 58.Kd4 Qb2+ 59.Ke4 Qc2+ 60.Kf4 Qd2+ 61.Kf5 Qc2+ 62.Kf6 Qc6+ 63.Kf7 Qd7+
64.Kg6 Qe6+ 65.Kh7 Qe7+ 66.Rg7 Qe4+ 67.Kh8  1-0

[Event "Schneider mem op "]
[Site "Budapest"]
[Date "1996.??.??"]
[Round "?"]
[White "Babos, Erno"]
[Black "Dobos, Jozsef"]
[Result "0-1"]
[WhiteElo "2080"]
[BlackElo "2340"]

1.d4 g6 2.e4 Bg7 3.Nc3 d6 4.Be3 a6 5.f3 Nd7 6.Qd2 b5 7.g4 Bb7 8.h4 h5 9.g5 e6
10.Nge2 Ne7 11.Ng3 c5 12.Bh3 cxd4 13.Bxd4 Ne5 14.Bxe5 Bxe5 15.f4 Bg7 16.O-O-O Rc8
17.Nge2 b4 18.Nd5 exd5 19.Bxc8 Qxc8 20.f5 gxf5 21.exf5 Nxf5 22.g6 fxg6 23.Nf4 Qc4
24.Qe1+ Kd7 25.Qe6+ Kc7 26.Nxg6 Nd4 27.Qe7+ Kb8 28.Rh2 Nf5 29.Qf7 Qxa2 30.Qxf5 Bh6+
31.Nf4 Rf8  0-1

[Event "Schneider mem op "]
[Site "Budapest"]
[Date "1996.??.??"]
[Round "?"]
[White "Kertesz, Zsolt"]
[Black "Dobos, Jozsef"]
[Result "1/2-1/2"]
[WhiteElo "2130"]
[BlackElo "2340"]

1.e4 g6 2.d4 Bg7 3.Nc3 d6 4.Bg5 Nd7 5.Qd2 a6 6.f4 c5 7.dxc5 Nxc5 8.Nf3 Nf6
9.Bd3 O-O 10.O-O b5 11.Rae1 Bb7 12.a3 Rc8 13.Kh1 Rc7 14.f5 gxf5 15.exf5 Kh8
16.Qf4 Rg8 17.Qh4 Qd7 18.Nd4 Qd8 19.Re3 Bf8 20.Rf2 Rxg5 21.Qxg5 Bg7 22.Rg3 Qf8
23.Qh4 Qa8 24.Nf3 a5 25.Ng5 Nxd3 26.cxd3 b4 27.Nxf7+ Kg8 28.Nh6+ Kh8 29.Nf7+ Kg8
30.Nh6+ Kh8 31.Nf7+  1/2-1/2

[Event "Budapest FS03 GM"]
[Site "Budapest"]
[Date "1996.??.??"]
[Round "2"]
[White "Videki, Sandor"]
[Black "Hillarp Persson, Tiger"]
[Result "0-1"]
[WhiteElo "2460"]
[BlackElo "2410"]

1.e4 g6 2.d4 Bg7 3.Nc3 d6 4.Bg5 a6 5.Nf3 b5 6.Qd2 Bb7 7.Bd3 Nd7 8.a4 b4 9.Ne2 c5
10.c3 Ngf6 11.Ng3 O-O 12.d5 c4 13.Bc2 b3 14.Bd1 Nc5 15.Bxf6 exf6 16.Be2 Re8
17.Bxc4 Nxe4 18.Nxe4 Rxe4+ 19.Be2 Qe8 20.Nd4 f5 21.Nc6 Bh6 22.Qd1 a5 23.Kf1 Rxe2
24.Qxe2 Ba6 25.c4 Qxe2+ 26.Kxe2 Bxc4+ 27.Kd1 Kf8 28.Nd4 Bxd5 29.f3 Be3 30.Nb5 Rc8
31.Re1 f4 32.Na3 Bb7 33.Rxe3 fxe3 34.Ke2 Ba6+ 35.Kxe3 Re8+ 36.Kd2 Re2+ 37.Kc3 Rxg2
38.Nb5 Rxh2 39.Rd1 Ke7  0-1

[Event "Budapest FS11 GM"]
[Site "Budapest"]
[Date "1996.??.??"]
[Round "3"]
[White "Estrada Nieto, Julian"]
[Black "Fogarasi, Tibor"]
[Result "0-1"]
[WhiteElo "2360"]
[BlackElo "2505"]

1.e4 g6 2.d4 Bg7 3.Nc3 d6 4.h3 c6 5.a4 Qa5 6.Nf3 Nf6 7.Bd2 Qc7 8.Bc4 e5 9.dxe5 dxe5
10.Be3 O-O 11.a5 Qe7 12.O-O Nbd7 13.Qb1 Nc5 14.Nd2 Nh5 15.Qa2 Ne6 16.Qa3 Qf6
17.Rfd1 Nhf4 18.Bf1 Nd4 19.Bxd4 exd4 20.Ne2 Be6 21.Qf3 Nxe2+ 22.Bxe2 Qg5
23.Bc4 Bxc4 24.Nxc4 Qc5 25.Qb3 Rab8 26.Qd3 b5 27.axb6 axb6 28.Nd2 Qb4 29.b3 b5
30.Nf3 c5 31.e5 Rbd8 32.e6 fxe6 33.Qe4 d3 34.Qxe6+ Kh8 35.Ne5 Qf4 36.Nxd3 Qd4
37.Rab1 c4 38.bxc4 bxc4 39.Nb2 Qxf2+ 40.Kh1 Bxb2 41.Rxd8 Rxd8 42.Qxc4 Be5
43.Qf1 Qg3 44.Qg1  0-1

[Event "Budapest FS08 GM"]
[Site "Budapest"]
[Date "1996.??.??"]
[Round "3"]
[White "Fogarasi, Tibor"]
[Black "Haub, Thorsten Michael"]
[Result "0-1"]
[WhiteElo "2505"]
[BlackElo "2310"]

1.e4 g6 2.d4 Bg7 3.Nc3 d6 4.Be3 a6 5.a4 b6 6.f4 e6 7.Nf3 Ne7 8.Bd3 Nd7 9.O-O Nf6
10.Qe1 O-O 11.Qh4 d5 12.e5 Nd7 13.g4 c5 14.Rf2 Nc6 15.Qg3 cxd4 16.Nxd4 Bb7
17.Re1 Qc7 18.Nxc6 Qxc6 19.Bd4 f5 20.gxf5 exf5 21.b4 Qe6 22.Rg2 Rf7 23.h4 Bf8
24.Rb1 Rg7 25.Kh2 Rc8 26.Ne2 h5 27.Ba1 Qe7 28.Nd4 Rc7 29.Nf3 a5 30.bxa5 bxa5
31.Bd4 Nc5 32.e6 Nxe6 33.Bxg7 Bxg7 34.Re1 Qd6 35.Ne5 d4 36.Rge2 Nf8 37.Rg1 Rc3
38.Kh3 Kh7 39.Kh2 Bh6 40.Rf1 Bd5 41.Rg1 Qf6 42.Qf2 Ra3 43.Bb5 Ne6 44.Rxg6 Nxf4
45.Bd3 Nxg6 46.Bxf5 Rf3 47.Bxg6+ Qxg6 48.Nxf3 Bf4+ 49.Kh1 Qg4  0-1

[Event "Budapest FS11 GM"]
[Site "Budapest"]
[Date "1996.??.??"]
[Round "5"]
[White "Estrada Nieto, Julian"]
[Black "Horvath, Csaba"]
[Result "0-1"]
[WhiteElo "2360"]
[BlackElo "2530"]

1.e4 g6 2.d4 Bg7 3.Nc3 d6 4.g3 Nf6 5.Bg2 O-O 6.Nge2 c6 7.a4 a5 8.h3 Na6 9.O-O e5
10.Be3 Qc7 11.Qd2 Nb4 12.Rad1 Be6 13.f4 Bc4 14.Rf2 Rad8 15.b3 Ba6 16.f5 d5
17.exd5 Bxe2 18.Nxe2 Nbxd5 19.Bh6 exd4 20.Bxg7 Kxg7 21.fxg6 hxg6 22.Rdf1 c5
23.c4 dxc3 24.Nxc3 Qxg3 25.Nxd5 Nxd5 26.Qxa5 b6 27.Qa7 Qc7 28.Qxc7 Nxc7 29.Rc1 Ne6
30.Bf1 Rd4 31.Rc4 Rfd8 32.Rxd4 Rxd4 33.Bc4 Ng5 34.Kg2 f5 35.Ra2 Ne4 36.a5 bxa5
37.Rxa5 Rd2+ 38.Kg1 Kh6 39.Ra6 Kh5 40.Bf7 Rb2 41.Bc4 g5 42.Re6 Kh4 43.Re5 Ng3
44.Be6 Kxh3 45.Bxf5+ g4 46.Bxg4+ Kxg4 47.Rxc5 Kh3  0-1